000 00996nam a2200289 i 4500
001 000027278
003 DO-SdBNP
005 20240620103417.0
006 a||||gr|||| 00| 0
007 ta
008 110331e1950 dr 000 e spa d
040 _aDO-SdBNP
_bspa
_cBNPHU
_erda
082 4 _bL951r
_222
100 1 _aLugo, Américo
_d1870-1952
_981550
_eautor
245 1 4 _aLos restos de Colón /
_bAmerico Lugo.
264 1 _aCiudad Trujillo, República Dominicana :
_bAcademia Dominicana de la Historia ;
_c1950
300 _a129 páginas ;
_c18 cm.
336 _2rdacontent
_atexto
_btxt
337 _2rdamedia
_asin mediación
_bn
338 _2rdacarrier
_avolumen
_bnc
500 _aPublicado por primera vez en "Clio" 1934.
500 _aIncluye bibliografía y notas al pie de página.
590 _aInventariado 2024 / MF
600 4 _aColón, Cristóbal
_d1451-1506
_x Tumba
_977029
650 4 _aColón, Cristóbal
_xCrítica e interpretación
_xTumba
_982736
942 _2ddc
_cLBS1
999 _c26770
_d26770